| 000 | 01782cam a22004694i 4500 | ||
|---|---|---|---|
| 003 | PE-LiUPU | ||
| 005 | 20250731184530.0 | ||
| 008 | 150623s r 000 0 d | ||
| 035 | _a(Sirsi) a21476 | ||
| 040 |
_aPE-LiUPU _bspa _cPE-LiUPU _erda |
||
| 082 | 0 | 4 |
_a956.91 _bB31 _221 |
| 245 | 0 | 0 |
_aTexts from the vicinity of Emar : _bin the collection of Jonathan Rosen / _c[editado y traducido por] Gary Beckman. |
| 264 | 1 |
_aPadova : _bSargon, _c1996. |
|
| 300 |
_a143 páginas : _bilustraciones láms. con copias cuneiformes ; _c30 cm. |
||
| 336 |
_atext _2rdacontent |
||
| 337 |
_aunmediated _2rdamedia |
||
| 338 |
_avolume _2rdacarrier |
||
| 490 | 0 |
_aistory of the Ancient Near East / Monographs ; _v2 |
|
| 504 | _aIncluye bibliografía. | ||
| 505 | 0 | _aCatalogue. -Family tree of the royal family of Emar. -Assignment of tablets to reign. -Distribution of tablets by type. -Sumerograms appearing in this corpus. -The texts: transliterations, translations and commentary. -Indexes. | |
| 526 | _aP136 | ||
| 526 | _aP135 | ||
| 526 | _aP134 | ||
| 526 | _aP133 | ||
| 526 | _aP144 | ||
| 526 | _aP143 | ||
| 526 | _aP87 | ||
| 526 | _aP35 | ||
| 526 | _aP20 | ||
| 526 | _aP14 | ||
| 526 | _aP10 | ||
| 526 | _aP06 | ||
| 650 | 0 | 4 |
_aLengua sumeria _vTextos. |
| 650 | 0 | 4 | _aEmar (Ciudad extinta). |
| 700 | 1 |
_aBeckman, Gary, _eed. |
|
| 700 | 1 | _aRosen, Jonathan1944-. | |
| 942 |
_2ddc _cBOOK |
||
| 949 |
_a956.91 B31 _wDEWEY _c1 _i45059 _lCCODEBUL1 _mBUL _p00.00 _r0 _sY _tBOOK _u2015-06-24 _xTEOLOGIA _PP35 _0COMPRA _o.STAFF. Colección General |
||
| 596 | _a1 | ||
| 999 |
_a956.91 B31 _wDEWEY _c21942 _i45059 _f2021-11-11 _g5 _lCCODEBUL1 _mBUL _r0 _sY _tBOOK _u2015-6-24 _xTEOLOGIA _PP35 _0COMPRA _o.STAFF. Colección General _d21942 |
||
| 980 |
_81 _gALBERTO SANCHEZ Responsable de Automatización |
||